000 00937nam a2200241 a 4500
001 000011660
005 20200929162522.0
008 091022s1996 ve 001 p spa d
020 _a9802340529
040 _aDO-SdBNP
_bspa
_cBNPHU
082 _aV861.44
_bR175B
100 1 _aBravo, Víctor
_d1949-
_927631
245 1 0 _aJosé Antonio Ramos Sucre :
_bpoeta del mal y el dolor /
_cVíctor Bravo.
260 _aCaracas, Venezuela :
_bCultura Universitaria,
_c1996.
300 _a61, [2] p. ;
_c22 cm.
490 1 _aBienal Lieteraria José Antonio Ramos Sucre
500 _aPremio Mención Ensayo, noviembre 1995
600 1 0 _aRAMOS SUCRE, JOSÉ ANTONIO
_xCRÍTICA E INTERPRETACIÓN
_d1890-1930
_927632
650 4 _aPoesía venezolana
_xCrítica e interpretación
_927633
650 4 _aLiteratura venezolana
_xCrítica e interpretación
_ySIGLO XX
_927634
830 0 _aBienal Lieteraria José Antonio Ramos Sucre
_927635
049 _aBNGR
999 _c11348
_d11348